000
00319nam a2200133Ia 4500
005
20260326235444.0
008
260326s9999||||xx |||||||||||||| ||und||
100
_a
Bussagli, Marco
245
0
_a
Roma :
_b
Arte y Arquitectura /
_c
Marco Bussagli
260
_b
Könemann
300
_a
680 p.
650
_a
ARTE
942
_c
BK
999
_c
7537
_d
7537